00351pab a2200133 454500008004000000100002000040245005900060260000900119300001300128362001100141650003300152650001700185773001500202180718b1999 xxu||||| |||| 00| 0 eng d aKlug, Francesca aThe Human Rights Act 1988, Pepper V. Hart and all that c1999 ap.246-73 aSummer aHuman rights - Great Britain aHuman rights aPublic Law